| 000 | 00646nas a2200229 4500 | ||
|---|---|---|---|
| 001 | BR7306026 | ||
| 003 | BR-BrBNA | ||
| 005 | 20231205082552.0 | ||
| 007 | ta | ||
| 008 | 230509b bl.|||p| |||| 00| 00por d | ||
| 040 |
_aBR-BrBNA _bpor _cBiblioteca Nacional de Agricultura |
||
| 041 | _a(Pt) | ||
| 072 | _aF28 | ||
| 100 | 1 | _aLima, O.F. | |
| 245 | 1 | _aTecnica de terraceamento | |
| 650 | _aEROSAO DO SOLO | ||
| 650 | _aCONSERVACAO DO SOLO | ||
| 650 | _aTERRACO | ||
| 773 | 0 |
_tAtualidades Agroveterinarias (Brazil) _xISSN 0101-0905 _g(Apr 1977), v. 5(29) p. 38-42 _wBR7306026 |
|
| 909 |
_a202311 _bLúcia _c55 _dLúcia Elande |
||
| 942 |
_2AGRIS _n0 _cANA |
||
| 999 |
_c92876 _d92876 |
||